000 00289nam a2200121 a 4500
008 101216s1944|||| d
245 1 0 _aUSA v Banskej Bystrici rok 1944
100 1 _aLičko, Miroslav
044 _axo
_cSK
041 _aslo
020 _c10
260 _bNVK
_aBratislava
_c1944
999 _c15281
_d15281